Management of small scale business : (Record no. 129072)

MARC details
000 -LEADER
fixed length control field 00713nam a22002297a 4500
005 - DATE AND TIME OF LATEST TRANSACTION
control field 20170124110050.0
010 ## - LIBRARY OF CONGRESS CONTROL NUMBER
LC control number A-486647
020 ## - INTERNATIONAL STANDARD BOOK NUMBER
Terms of availability 00.00
International Standard Book Number 8185221103
035 ## - SYSTEM CONTROL NUMBER
System control number A-486647
037 ## - SOURCE OF ACQUISITION
Source of stock number/acquisition Cen Lib/Ret
040 ## - CATALOGING SOURCE
Original cataloging agency DPL
Language of cataloging EN
082 ## - DEWEY DECIMAL CLASSIFICATION NUMBER
Classification number 658
Item number GOV
100 ## - MAIN ENTRY--PERSONAL NAME
Personal name Govil, Sanjay Kumar
9 (RLIN) 25300
245 ## - TITLE STATEMENT
Title Management of small scale business :
Statement of responsibility, etc by Sanjay Kumar Govil
Remainder of title small business management /
260 ## - PUBLICATION, DISTRIBUTION, ETC. (IMPRINT)
Place of publication, distribution, etc Bareilly
Name of publisher, distributor, etc V. K. Publishing House
Date of publication, distribution, etc 1992
270 ## - ADDRESS
Address 10, Subhash Market
City Bareilly
300 ## - PHYSICAL DESCRIPTION
Extent 321p. :
Dimensions 20cm(Hb)
Other physical details ill.
500 ## - GENERAL NOTE
General note Includes bibliography
650 ## - SUBJECT ADDED ENTRY--TOPICAL TERM
Topical term or geographic name as entry element Small business--Finance
9 (RLIN) 25301
650 ## - SUBJECT ADDED ENTRY--TOPICAL TERM
Topical term or geographic name as entry element Small business
9 (RLIN) 25302
942 ## - ADDED ENTRY ELEMENTS (KOHA)
Source of classification or shelving scheme Dewey Decimal Classification
Koha item type English Books
Classification part 658
Call number suffix GOV
Holdings
Withdrawn status Lost status Damaged status Not for loan Home library Current library Date acquired Source of acquisition Cost, normal purchase price Total Checkouts Full call number Barcode Date last seen Copy number Cost, replacement price Price effective from Koha item type Public note
Written off       Central Library Central Library 04/07/2015 Cen Lib/Ret 0.00   658 GOV A-486647 04/07/2015 1 0.00 04/07/2015 English Books W/d List No. 6882/12 ; dtd 03/09/2020

© Delhi Public Library
Hit Counter
free hit counter